000 01399cam a22003737a 4500
999 _c57449
_d57449
001 16696759
005 20200623124117.0
008 110318s2011 gw a b 001 0 eng d
010 _a 2011925547
016 7 _a015800942
_2Uk
020 _a9783642183621 (pbk.)
020 _a364218362X (pbk.)
035 _a(OCoLC)ocn720430708
040 _aGZQ
_cGZQ
_dOHX
_dUMS
_dIXA
_dYDXCP
_dMUU
_dRRR
_dUKMGB
_dDLC
041 _aeng
042 _alccopycat
050 0 0 _aQA323
_b.L43 2011
080 _a517.5 L-44
245 0 0 _aLebesgue and Sobolev spaces with variable exponents /
_cLars Diening ... [et al.].
260 _aHeidelberg ;
_aNew York :
_bSpringer,
_cc2011.
300 _aix, 509 p. :
_bill. ;
_c23 cm.
490 1 _aLecture notes in mathematics ;
_v2017
504 _aIncludes bibliographical references (p. 483-499) and index.
505 0 _apt. 1. Lebesgue spaces -- pt. 2. Sobolev spaces -- pt. 3. Applications to partial differential equations.
650 0 _aFunction spaces.
_98666
650 0 _aSobolev spaces.
_98676
653 _aმათემატიკა
700 1 _aDiening, Lars.
_98677
830 0 _aLecture notes in mathematics (Springer-Verlag) ;
_v2017.
_98678
906 _a7
_bcbc
_ccopycat
_d2
_encip
_f20
_gy-gencatlg
942 _2udc
_cBK
955 _bxh14 2013-06-12 z-processor
_irl02 2013-07-26 to Dewey
955 _apc17 2011-03-18
_axh06 2012-01-11 to STM